000 00289nam a22001337a 4500
008 170829b xxu||||| |||| 00| 0 eng d
020 _a2900872894845
041 _aeng
080 _a070
100 _a39
101 _aMED
245 _aNAXX COMMUNICATION
_cHANSON.R.E
942 _2udc
_cBK
999 _c25293
_d25293